[Event "Newcastle Northumbria Masters"]
[Site "Newcastle on Tyne"]
[Date "2022.08.30"]
[Round "8"]
[White "Sedykh, Mikhail"]
[Black "Ekanem, Nathan"]
[Result "1/2-1/2"]
[WhiteElo "2115"]
[BlackElo "1991"]
[PlyCount "89"]
[EventDate "2022.08.26"]
[EventType "swiss"]
[EventRounds "9"]
[EventCountry "ENG"]
[SourceTitle "CBM 210 Extra"]
[Source "ChessBase"]
[SourceDate "2022.11.30"]
[SourceVersion "1"]
[SourceVersionDate "2022.11.30"]
[SourceQuality "1"]

1. d4 Nf6 2. c4 e5 3. dxe5 Ng4 4. Bf4 g5 5. Bg3 Bg7 6. Nf3 Nc6 7. Nc3 Ngxe5 8. Nxe5 Nxe5 9. e4 d6 10. Be2 Be6 11. 0-0 h5 12. Nd5 c6 13. Ne3 h4 14. Bxe5 Bxe5 15. h3 Qf6 16. Bg4 Qf4 17. Re1 0-0-0 18. Rb1 Qxe4 19. Qa4 Qd4 20. Rbd1 Qb6 21. c5 Qxc5 22. Rc1 Qb6 23. Nc4 Qc7 24. Qxa7 Kd7 25. Rcd1 Bf4 26. Bxe6+ fxe6 27. Ne5+ Bxe5 28. Rxe5 Rhg8 29. Qe3 Rde8 30. Rxg5 Rxg5 31. Qxg5 Qb6 32. b3 Qb4 33. Qf6 Qe4 34. Rd4 Qb1+ 35. Kh2 Qxa2 36. Qxh4 c5 37. Rd3 b5 38. Rf3 Re7 39. Qh8 Qa7 40. Qf8 d5 41. g3 c4 42. b4 Qc7 43. Rf7 Kd6 44. Rxe7 Qxe7 45. Qb8+ 1/2-1/2

[Event "Newcastle Northumbria Masters"]
[Site "Newcastle on Tyne"]
[Date "2022.08.29"]
[Round "6"]
[White "Davis, Cameron"]
[Black "Ekanem, Nathan"]
[Result "0-1"]
[WhiteElo "1783"]
[BlackElo "1991"]
[PlyCount "82"]
[EventDate "2022.08.26"]
[EventType "swiss"]
[EventRounds "9"]
[EventCountry "ENG"]
[SourceTitle "CBM 210 Extra"]
[Source "ChessBase"]
[SourceDate "2022.11.30"]
[SourceVersion "1"]
[SourceVersionDate "2022.11.30"]
[SourceQuality "1"]

1. d4 Nf6 2. Nf3 d6 3. Nc3 g6 4. e4 c6 5. a4 Bg7 6. Be2 0-0 7. 0-0 Nbd7 8. h3 Qc7 9. Be3 h6 10. Qd2 Kh7 11. a5 e5 12. d5 cxd5 13. exd5 Ne8 14. Ne1 f5 15. f3 Ndf6 16. Nd3 Nh5 17. Bf2 f4 18. Ne4 Nef6 19. Nxf6+ Bxf6 20. Ra3 Bf5 21. Ne1 Qe7 22. Bd3 Bh4 23. Bxh4 Qxh4 24. Bxf5 gxf5 25. Rc3 Rf7 26. Qf2 Ng3 27. Nd3 Qg5 28. Re1 Rg8 29. Kh2 h5 30. Rc4 h4 31. b3 Rfg7 32. Rg1 Rf7 33. Re1 Rgf8 34. Qxa7 e4 35. fxe4 fxe4 36. Nf2 f3 37. gxf3 Rxf3 38. Rc7+ Kg8 39. Nxe4 Nxe4 40. Rg1 Rf2+ 41. Kh1 Ng3+ 0-1

[Event "Newcastle Northumbria Masters"]
[Site "Newcastle on Tyne"]
[Date "2022.08.28"]
[Round "5"]
[White "Arora, Manoj"]
[Black "Ekanem, Nathan"]
[Result "0-1"]
[WhiteElo "1715"]
[BlackElo "1991"]
[PlyCount "82"]
[EventDate "2022.08.26"]
[EventType "swiss"]
[EventRounds "9"]
[EventCountry "ENG"]
[SourceTitle "CBM 210 Extra"]
[Source "ChessBase"]
[SourceDate "2022.11.30"]
[SourceVersion "1"]
[SourceVersionDate "2022.11.30"]
[SourceQuality "1"]

1. e4 e6 2. d4 d5 3. Nd2 c5 4. exd5 exd5 5. dxc5 Bxc5 6. Nb3 Bb6 7. Nf3 Nf6 8. Bd3 0-0 9. 0-0 h6 10. Bf4 Nc6 11. c3 Re8 12. Rc1 Ne4 13. Nfd4 Qf6 14. Be3 Ne5 15. f3 Nd6 16. Bf2 Ndc4 17. Rc2 a5 18. Bxc4 Nxc4 19. Re2 Bd7 20. Rfe1 Rxe2 21. Rxe2 a4 22. Nc1 a3 23. b3 Nb2 24. Qc2 Rc8 25. Qd2 Ba5 26. b4 Bb6 27. Ncb3 Na4 28. Re3 Nb2 29. Re1 Na4 30. Re3 h5 31. Qe1 Kf8 32. Re5 Nxc3 33. Rxh5 Kg8 34. Qd2 Qg6 35. Rg5 Qb1+ 36. Be1 Nxa2 37. Nc5 Re8 38. Kf1 Bxc5 39. bxc5 Nc1 40. Nc2 Bb5+ 41. Kf2 Re2+ 0-1

[Event "Newcastle Northumbria Masters"]
[Site "Newcastle on Tyne"]
[Date "2022.08.28"]
[Round "4"]
[White "Ekanem, Nathan"]
[Black "Kumar, Sanjit S"]
[Result "1/2-1/2"]
[WhiteElo "1991"]
[BlackElo "1711"]
[PlyCount "50"]
[EventDate "2022.08.26"]
[EventType "swiss"]
[EventRounds "9"]
[EventCountry "ENG"]
[SourceTitle "CBM 210 Extra"]
[Source "ChessBase"]
[SourceDate "2022.11.30"]
[SourceVersion "1"]
[SourceVersionDate "2022.11.30"]
[SourceQuality "1"]

1. d4 d5 2. e3 c5 3. c4 cxd4 4. exd4 Nf6 5. Nc3 Nc6 6. Nf3 Bg4 7. Be3 g6 8. Be2 Bg7 9. 0-0 0-0 10. Ne5 Bxe2 11. Qxe2 Rc8 12. Rfd1 dxc4 13. Nxc4 Nd5 14. Rac1 e6 15. Ne4 Qe7 16. a3 h6 17. b4 a6 18. Ne5 Nxe5 19. dxe5 Bxe5 20. Bc5 Qc7 21. g3 Rfd8 22. Be3 Nc3 23. Nxc3 Bxc3 24. Bxh6 Qe5 25. Qxe5 Bxe5 1/2-1/2

[Event "Newcastle Northumbria Masters"]
[Site "Newcastle on Tyne"]
[Date "2022.08.27"]
[Round "2"]
[White "Ekanem, Nathan"]
[Black "Sheikh, Anum"]
[Result "0-1"]
[WhiteElo "1991"]
[BlackElo "1789"]
[PlyCount "76"]
[EventDate "2022.08.26"]
[EventType "swiss"]
[EventRounds "9"]
[EventCountry "ENG"]
[SourceTitle "CBM 210 Extra"]
[Source "ChessBase"]
[SourceDate "2022.11.30"]
[SourceVersion "1"]
[SourceVersionDate "2022.11.30"]
[SourceQuality "1"]

1. d4 Nf6 2. c4 e6 3. Nc3 Bb4 4. Qc2 0-0 5. e4 Bxc3+ 6. bxc3 d6 7. Bd3 h6 8. f4 c5 9. Nf3 Nc6 10. a3 b6 11. 0-0 Ba6 12. Qe2 Na5 13. e5 Ne8 14. f5 dxe5 15. fxe6 fxe6 16. dxe5 Bb7 17. Be3 Qe7 18. Ng5 Nc7 19. Qh5 Rxf1+ 20. Rxf1 Rf8 21. Qg6 Rxf1+ 22. Kxf1 Kf8 23. Nh7+ Kg8 24. Nf6+ Kf8 25. Bxh6 Qf7 26. Qg4 gxh6 27. Bg6 Qg7 28. h4 Nxc4 29. Nh7+ Ke7 30. Qf4 Qxg6 31. Qf8+ Kd7 32. Nf6+ Kc6 33. Qe7 Nxe5 34. h5 Qd3+ 35. Kg1 Qd1+ 36. Kh2 Qd6 37. Qg7 Ng4+ 38. Kh3 Nf2+ 0-1

[Event "Newcastle Northumbria Masters"]
[Site "Newcastle on Tyne"]
[Date "2022.08.27"]
[Round "3"]
[White "Gibson, Christopher A"]
[Black "Ekanem, Nathan"]
[Result "1-0"]
[WhiteElo "1855"]
[BlackElo "1991"]
[PlyCount "79"]
[EventDate "2022.08.26"]
[EventType "swiss"]
[EventRounds "9"]
[EventCountry "ENG"]
[SourceTitle "CBM 210 Extra"]
[Source "ChessBase"]
[SourceDate "2022.11.30"]
[SourceVersion "1"]
[SourceVersionDate "2022.11.30"]
[SourceQuality "1"]

1. e4 e6 2. d4 d5 3. Nc3 Nf6 4. e5 Nfd7 5. f4 c5 6. Nf3 Nc6 7. Be3 a6 8. Qd2 b5 9. Nd1 cxd4 10. Nxd4 Bb7 11. c3 Nc5 12. Nf2 Be7 13. Be2 0-0 14. 0-0 Rc8 15. Rad1 Kh8 16. Bg4 g6 17. Qe2 Na4 18. a3 Nc5 19. Bh3 Qe8 20. Bc1 Bh4 21. g3 Be7 22. f5 exf5 23. Nxf5 Rd8 24. Nd4 Nxd4 25. cxd4 Ne6 26. Bh6 Rg8 27. Bxe6 fxe6 28. Ng4 g5 29. Rf3 Qh5 30. Rf6 Bxf6 31. exf6 Rge8 32. Bg7+ Kg8 33. Nh6+ Qxh6 34. Bxh6 Rd7 35. Qh5 Rc8 36. Qxg5+ Kh8 37. Qh5 Kg8 38. Qg4+ Kh8 39. Qxe6 Rcd8 40. f7 1-0